Quick Pick: 'A New Hope' Characters Quiz Stats

 Plays Quiz Updated Jun 14, 2017

Support Sporcle.
Go Orange.
Score 0/15 Timer 01:30
0 Plays Today
% Correct
C-3PO
93.7%
Han Solo
93.3%
Luke Skywalker
92.9%
Chewbacca
92.6%
Darth Vader
92.4%
R2-D2
92%
Princess Leia
91.7%
Ben Kenobi
91.4%
% Correct
Owen Lars
76.6%
Greedo
76.3%
Grand Moff Tarkin
71.5%
Beru Lars
69.6%
Wedge Antilles
66.6%
Biggs Darklighter
59.9%
Jek Porkins
44.4%

Today's Daily Dose

Missing Word
FPS Games (A-Z)

Quick Pick
Cartoon Lions

Get the Picture
5, 6, 7, or 8 Movies

You're not logged in!

Compare scores with friends on all Sporcle quizzes.
OR
Log In
Forgot?

From the Vault

Crossword Blackout! VII

by hockeystix3

You might just have to take a shot in the dark.
Remove Ads.
Support Sporcle.
Get the best of Sporcle when you Go Orange. This ad-free experience offers more features, more stats, and more fun while also helping to support Sporcle. Thank you for becoming a member.

Show Comments

Extras

Top Quizzes Today


Score Distribution

Your Account Isn't Verified!

In order to create a playlist on Sporcle, you need to verify the email address you used during registration. Go to your Sporcle Settings to finish the process.

Report this User

Report this user for behavior that violates our Community Guidelines.

Details: